000
00255nam a22001097a 4500
082
_a
030 CHA'I
100
_a
INTERNATIONAL
_9
10203
245
_a
CHAMBER'S ENCYCLOPEDIA VOLUME - XV
260
_a
LONDON
_b
INTERNATIONAL
_c
1973
300
_a
824P
942
_c
BK
999
_c
583268
_d
583268